| 000 | 00401nam a2200145Ia 4500 | ||
|---|---|---|---|
| 008 | 231129s2000||||xx |||||||||||||| ||spa|| | ||
| 020 | _a84-8191-644-7 | ||
| 040 | _bspa | ||
| 082 | _a193 W831m | ||
| 100 | _aWittgenstein Ludwig | ||
| 245 | 0 | _aMovimientos del pensar: Diarios 1930-1932 / 1936-1937 | |
| 260 | _c2000 | ||
| 264 | _aPre-Textos | ||
| 942 |
_2ddc _cBKS |
||
| 999 |
_c21424 _d21424 |
||